Normal view
MARC view
- Koontz, Harold,
Entry Personal Name
001 - CONTROL NUMBER
- control field: 106843
003 - CONTROL NUMBER IDENTIFIER
- control field: NUST
005 - DATE AND TIME OF LATEST TRANSACTION
- control field: 20230116100825.0
008 - FIXED-LENGTH DATA ELEMENTS
- fixed length control field: 230116|| aca||aabn | a|a d
040 ## - CATALOGING SOURCE
- Original cataloging agency: NUST
- Transcribing agency: NUST
100 ## - HEADING--PERSONAL NAME
- Personal name: Koontz, Harold,
- Dates associated with a name: 1908-
670 ## - SOURCE DATA FOUND
- Source citation: Work cat.: (NUST)184974: Weihrich, Heinz. 73481, Management :, c1993.
